Beginning and intermediate algebra with applications and visualization (رقم التسجيلة. 26356)

تفاصيل مارك
000 -الفاتح
حقل البيانات ثابتة الطول 00973cam a2200301 a 4500
001 - رقم الضبط
رقم الضبط 123377180
003 - محدد رقم الضبط
رقم الضبط OSt
005 - وقت وتاريخ اخر تعامل مع التسجيلة
رقم الضبط 20150408114103.0
008 - عناصر البيانات ثابتة الطول - معلومات عامة
حقل البيانات ثابتة الطول 060928s2008 maua 001 0 eng
020 ## - الرقم الدولى المعيارى للكتب
الرقم الدولى المعيارى للكتاب 9780321566836
020 ## - الرقم الدولى المعيارى للكتب
الرقم الدولى المعيارى للكتاب 0618803610 (instructor's annotated ed.)
020 ## - الرقم الدولى المعيارى للكتب
الرقم الدولى المعيارى للكتاب 9780618803590 (student text)
020 ## - الرقم الدولى المعيارى للكتب
الرقم الدولى المعيارى للكتاب 0618803599 (student text)
035 ## - رقم ضبط النظام
رقم ضبط النظام .b68593247
040 ## - مصدر الفهرسة
وكالة الفهرسة الأصلية DLC
وكالة النسخ DLC
وكالة التعديل BAKER
-- BTCTA
-- CRH
-- OSU
-- UtOrBLW
049 ## - المجموعات المحلية (OCLC)
مكتبة المقتنيات OSUU
050 00 - رقم طلب مكتبة الكونجرس
رقم التصنيف QA152.3
رقم المادة .A847 2008
082 ## - رقم تصنيف ديوى العشرى
رقم الطبعة 22
رقم التصنيف 512.9
100 1# - المدخل الرئيسى - إسم شخصى
الإسم الشخصى Aufmann, Richard N.
9 (RLIN) 18143
245 10 - بيان العنوان
العنوان Beginning and intermediate algebra with applications and visualization
بيان المسئوليه,etc Gary K. Rockswold, Terry A. Krieger.
250 ## - بيان الطبعة
بيان الطبعة 2nd ed.
260 ## - PUBLICATION, DISTRIBUTION, ETC. (IMPRINT)
مكان الناشر او الموزع Boston :
اسم الناشر او الموزع Houghton Mifflin,
تاريخ النشر أو التوزيع c2009.
300 ## - الوصف المادى
التعداد 1 v. (various pagings)
تفاصيل ماديه اخرى للوعاء ill. (chiefly col.) ;
أبعاد الوعاء 29 cm.
500 ## - تبصرة عامة
تبصرة عامة Includes index.
650 #0 - المدخل الاضافى بالموضوع-مصطلح موضوعى
مصطلح موضوعي أو اسم جغرافي كعنصر مدخل Algebra
التقسيم الفرعي الشكلي Textbooks.
9 (RLIN) 18118
700 1# - المدخل الاضافى - اسم شخصى
الإسم الشخصى Krieger, Terry A.
9 (RLIN) 18144
942 ## - عناصر المدخل الإضافي( كوها)
مصدر التصنيف او مخطط الترفيف Dewey Decimal Classification
Koha [default] item type كتاب
المقتنيات
حالة الفقد نموذج السعر الفعال حالة تلف ليس للاعارة رقم الطلب تاريخ الاكتساب الموقع الحالي الباركود الفرع الرئيسي Date last seen نوع المادة فى نظام كوها مصدر التصنيف او خطة الترفيف Total Checkouts
  2013-03-10     512.9 R G B 2012-12-03 المكتبة المركزية بالمجمعة (CL) 07000000011376 المكتبة المركزية بالمجمعة (CL) 2013-03-10 كتاب Dewey Decimal Classification  
  2013-03-10     512.9 R G B 2012-12-03 المكتبة المركزية بالمجمعة (CL) 07000000011375 المكتبة المركزية بالمجمعة (CL) 2013-03-10 كتاب Dewey Decimal Classification